Statistics for Need for Speed Games

Click here to take the quiz!

General Stats

  • This quiz has been taken 927 times
  • The average score is 11 of 21

Answer Stats

YearMajor Console(s)Answer% Correct
2012PC, PS3, Xbox 360, iOS, PS VitaNeed for Speed: Most Wanted
89%
2005PC, PS3 (via Playstation Store), Xbox 360, PS2, Xbox, GameCube, Mobile, PSP, DS, GBANeed for Speed: Most Wanted
89%
1998PC, PS1Need for Speed III: Hot Pursuit
85%
2003PC, PS2, Xbox, GameCube, DSNeed for Speed: Underground
85%
2010PC, PS3, Xbox 360, Wii, iOSNeed for Speed: Hot Pursuit
79%
1994PC, PS1The Need for Speed
79%
2004PC, PS2, Xbox, GameCube, PSP, DS, GBANeed for Speed: Underground 2
77%
2006PC, PS3, Xbox 360, Wii, PS2, Xbox, GameCube, Mobile, PSP, DS, GBANeed for Speed: Carbon
75%
1997PC, PS1Need for Speed II
65%
2008PC, PS3, Xbox 360, Wii PS2, iOS, Mobile, PSP, DSNeed for Speed: Undercover
53%
2009PC, PS3, Xbox 360, iOS, Mobile, PSPNeed for Speed: Shift
52%
2007PC, PS3, Xbox 360, Wii, PS2, Mobile, PSP, DSNeed for Speed: ProStreet
46%
2011PC, PS3, Xbox 360, Wii, iOS (canceled), Mobile, 3DSNeed for Speed: The Run
45%
2011PC, PS3, Xbox 360, iOSShift 2: Unleashed
38%
2002PC, PS2, Xbox, GameCubeNeed for Speed: Hot Pursuit 2
37%
2010PCNeed for Speed: World
36%
2009Wii, DSNeed for Speed: Nitro
31%
2000PC, PS1, GBANeed for Speed: Porsche Unleashed
29%
1999PC, PS1Need for Speed: High Stakes
22%
2005PSPNeed for Speed: Underground Rivals
10%
2001PCMotor City Online
7%

Score Distribution

Percentile by Number Answered

Percent of People with Each Score

Your Score History

You have not taken this quiz